000 00946nam a22002057a 4500
999 _c6138
_d6138
005 20260317110355.0
008 260317b ||||| |||| 00| 0 eng d
020 _a9780008408237
040 _cKH8
082 _a823.92
100 _aLenton,Steven
_eAuthor
245 _aGENIE AND TEENY WISHFUL THINKING
260 _aMacken House,39/40 Mayor Street Upper,Dublin 1,D01 C9W8,Ireland
_bHarperCollinsPublishers
_c2021
300 _a154 pages
_bb illustrations
_c13cm x19cm
520 _aMeet Grant the genie, and his best friend - the puppy, Teeny! The second in a series of magical adventures from the renowned illustrator, Steven Lenton, winner of Waterstones Picture Book of the Month and the Times Children's Book of the Week. Grant the Genie is happy living in the real world in a teapot with his best friend, the dog ,Teeny. -Library Thing-
650 _aJuvenile Literature
655 _aFantasy
655 _aHumour
942 _2ddc
_cFIC